000 00528nam a2200169 4500
999 _c4070
_d4070
008 160823b xxu||||| |||| 00| 0 eng d
022 _a2094-8042
082 _aDPer 370.105 M72 Jan-Dec 2012 v. 60-61
100 _913549
_aOrtal, Jhon Rey D.
243 _a
245 _aBagong taon, Bagong hamon/
_cJhon Rey D. Orta.
260 _aPhilippines:
_bIn the Grade School, Inc.,
_c©2012.
300 _av60 n8, page 346;
_c28 cm.
500 _aThe Modern Teacher.
650 0 _919453
_aPhilippine
_vPoetry
942 _2ddc
_cPER